000 00383nam a22001217a 4500
999 _c15106
_d15106
008 200304b ||||| |||| 00| 0 eng d
100 _941834
_aRomero, Alexis.
245 _aDuterte signs law creating Human Settlements Department/
_cAlexis Romero.
260 _aPhilippines;
_bThe Philippines Star,
_c©2019.
300 _apage 6;
_c29.5cm.
650 _aLaw.
_941835
942 _2ddc
_cPER